000 00618nam a22002057a 4500
003 LK-CoMWRAF
005 20231206133040.0
008 230929b1969 |||||||| |||| 00| 0 eng d
020 _a0226633063
040 _aLK-CoMWRAF
_dLK-CoMWRAF
_eLK-CoMWRAF
041 _aeng
082 _a970.3
_bORT
100 _aOrtiz, Alfonso
245 _aThe Tewa world:
_bspace, time, being, and becoming in a Pueblo society
260 _aChicago:
_bUniversity of Chicago Press,
_c1969
300 _axviii, 197 p. illus. 24 cm.
_bBibliography and index included
650 _aTEWA INDIANS
650 _aSan Juan Pueblo
942 _cBK
999 _c3750
_d3750